00868nam a22002532i 450000100060000000300080000600500170001400800410003103500510007204000320012304100080015508200220016310000420018524500390022726000470026630000240031349000330033765000270037083000190039783000310041694200120044799900170045995201380047621595BD-RjUL20211209000715.0140305s1965 enk 000 1 eng d a(BD-RjUL)21659aOCLC ocm03259295 from D950606M aITDcITDdEQOdBD-RjULbeng aeng00a823.912bDRS 19651 aDreiser, Theodore,d1871-1945.96669210aSister Carrie /c Theodore Dreiser aLondon :bOxford university press,cc1965. axi, 458 p. ;c18 cm1 aPerennial classic ;vP3033 C 0aEnglish fiction966693 0vP3033 C966696 0aPerennial classic ;966697 2ddccBK c21595d21595 00102ddc40728FICaRUCLbRUCLcReadingd1973-03-06eBlackwellg1.50l0o823.912 DRS 1965r2014-03-05 00:00:00tC-1w2014-03-05yBK